000 02689cam a22007571i 4500
001 BDZ0053345715
003 StDuBDS
005 20231227164742.0
006 m || d |
007 cr |||||||||||
008 230720s2023 enka o 000|0 eng|d
020 _a9781000998726
_qePub ebook
_c31.99
040 _aStDuBDS
_beng
_erda
_epn
_cStDuBDS
_dUk
_dStDuBDSZ
072 7 _aJF
_2bicssc
072 7 _aRN
_2bicssc
072 7 _aAMCR
_2bicssc
072 7 _aAMVD
_2bicssc
072 7 _aGTF
_2bicssc
072 7 _aJFSG
_2bicssc
072 7 _aRPC
_2bicssc
072 7 _aTBD
_2bicssc
072 7 _aTJFM
_2bicssc
072 7 _aTQ
_2bicssc
072 7 _aUN
_2bicssc
072 7 _aSOC
_2ukslc
072 7 _aJB
_2thema
072 7 _aRN
_2thema
072 7 _aAMCR
_2thema
072 7 _aAMVD
_2thema
072 7 _aGTP
_2thema
072 7 _aJBSD
_2thema
072 7 _aRPC
_2thema
072 7 _aTBD
_2thema
072 7 _aTJFM
_2thema
072 7 _aTQ
_2thema
072 7 _aUN
_2thema
072 7 _aKCM
_2thema
072 7 _aUDBV
_2thema
072 7 _aUNA
_2thema
072 7 _aRNU
_2thema
072 7 _aUYZM
_2thema
082 0 4 _a307.760113
_223
100 1 _aPomeroy, Jason,
_eauthor.
245 1 0 _aHardware, software, heartware :
_bdigital twinning for more sustainable built environments /
_cJason Pomeroy.
250 _a1st
260 _aLondon :
_bRoutledge,
_c2023.
300 _a1 online resource (250 pages) :
_billustrations (black and white, and colour)
336 _atext
_2rdacontent
336 _astill image
_2rdacontent
337 _acomputer
_2rdamedia
338 _aonline resource
_2rdacarrier
366 _b20231006
_cIn stock
505 0 _aIntroduction 1. Context 2. Case Studies 3. Digital Transformation 4. Enabling the Digital Twin 5. A National Paradigm Shift 6. Implementing the Digital Twin Conclusion
520 8 _aThis work examines the full potential of Digital Twins as a means of creating more sustainable urban habitats. For professionals, students, academics and policymakers, in the fields of smart cities, sustainable urbanism, and the digitisation, digitalisation, and digital transformation of the built environment industry.
588 _aDescription based on CIP data; resource not viewed.
650 0 _aDIGITAL TWINS
650 0 _aSMART CITIES
650 7 _aTOWN PLANNING
650 7 _aUrban communities
650 7 _aURBAN PLANNING
650 7 _aSUSTAINABILITY
651 _aEBOOK
776 0 8 _iPrint version :
_z9781032569390
856 4 0 _uhttps://www.vlebooks.com/product/openreader?id=RICS&accId=9491556&isbn=9781000998726
_zAvailable on VLeBooks (email [email protected] to request a login)
942 _2ddc
999 _c121749
_d121749